[Event "GRE-chT 45th"]
[Site "Achaia"]
[Date "2017.07.04"]
[Round "2.16"]
[White "Argiroudis, Stamatis"]
[Black "Georganas, Panayotis"]
[Result "1-0"]
[WhiteElo "2283"]
[BlackElo "2018"]
[PlyCount "69"]
[EventDate "2017.07.03"]
[EventType "team-swiss"]
[EventRounds "7"]
[EventCountry "GRE"]
[SourceTitle "CBM 179 Extra"]
[Source "ChessBase"]
[SourceDate "2017.08.23"]
[SourceVersion "1"]
[SourceVersionDate "2017.08.23"]
[SourceQuality "1"]
[WhiteTeam "Triandrias PG"]
[BlackTeam "Filiatron CN"]
[WhiteTeamCountry "GRE"]
[BlackTeamCountry "GRE"]

1. d4 d5 2. c4 e6 3. Nf3 Nf6 4. g3 Be7 5. Bg2 0-0 6. 0-0 b6 7. cxd5 exd5 8. Nc3 Bb7 9. Ne5 Nbd7 10. Qa4 Nxe5 11. dxe5 Ne8 12. Rd1 c6 13. e4 Nc7 14. Be3 Re8 15. exd5 cxd5 16. Qb3 Qb8 17. Nxd5 Ne6 18. f4 Bc5 19. Bxc5 Nxc5 20. Qc3 a5 21. Nxb6 Bxg2 22. Qxc5 Ra6 23. Kxg2 Rxb6 24. b3 a4 25. Rd7 axb3 26. Qd5 Rf8 27. axb3 Rb5 28. Qd6 Rxb3 29. Qxb8 Rbxb8 30. e6 g6 31. Raa7 h5 32. Kh3 Kg7 33. Rxf7+ Rxf7 34. Rxf7+ Kg8 35. Kh4 1-0

[Event "GRE-chT 44th"]
[Site "Achaia"]
[Date "2016.07.07"]
[Round "4.14"]
[White "Georganas, Panayotis"]
[Black "Nikolov, Momchil"]
[Result "0-1"]
[WhiteElo "2018"]
[BlackElo "2571"]
[PlyCount "134"]
[EventDate "2016.07.05"]
[EventType "team-swiss"]
[EventRounds "7"]
[EventCountry "GRE"]
[SourceTitle "CBM 173 Extra"]
[Source "ChessBase"]
[SourceDate "2016.08.29"]
[SourceVersion "1"]
[SourceVersionDate "2016.08.29"]
[SourceQuality "1"]
[WhiteTeam "Filiatron CN"]
[BlackTeam "Alexandroupolis Ethnikos"]
[WhiteTeamCountry "GRE"]
[BlackTeamCountry "GRE"]

1. d4 Nf6 2. c4 e6 3. Nc3 Bb4 4. Bd2 d5 5. e3 0-0 6. Nf3 b6 7. a3 Bd6 8. Be2 Bb7 9. 0-0 Nbd7 10. Rc1 a6 11. Qb3 dxc4 12. Qxc4 b5 13. Qd3 c5 14. Rfd1 c4 15. Qc2 Qe7 16. e4 e5 17. Bg5 h6 18. Bh4 exd4 19. Nxd4 Bf4 20. Ra1 Qc5 21. f3 Be3+ 22. Bf2 Bxf2+ 23. Kxf2 Rad8 24. Kf1 Qe5 25. Kg1 Nc5 26. Nf5 g6 27. Ng3 Rc8 28. Bf1 h5 29. Qf2 h4 30. Nh1 Qg5 31. Rab1 Nh5 32. Qd2 Nf4 33. Nf2 Rfd8 34. Qc2 Nce6 35. Nd5 Nxd5 36. exd5 Rxd5 37. Rxd5 Bxd5 38. Nh3 Qe3+ 39. Qf2 Qxf2+ 40. Kxf2 Kg7 41. Rd1 Rc5 42. g3 hxg3+ 43. hxg3 Bc6 44. f4 c3 45. bxc3 Rxc3 46. Rd3 Rc2+ 47. Be2 Nc5 48. Re3 Ne4+ 49. Ke1 Rc1+ 50. Bd1 Bd5 51. Ng1 Nc3 52. Rd3 Bc4 53. Rd4 Nxd1 54. Rxd1 Rc3 55. Ra1 Rxg3 56. Kf2 Rc3 57. Nf3 Kf6 58. a4 b4 59. Nd4 b3 60. Rb1 Bd5 61. Ke2 Bc4+ 62. Kf2 Rh3 63. Nf3 Bd5 64. Ng1 Be4 65. Re1 Rh2+ 66. Ke3 Bf5 67. Nf3 Rh3 0-1